| 000 | 00833nam a2200241 i 4500 | ||
|---|---|---|---|
| 001 | 178142 | ||
| 003 | ES-MaACL | ||
| 005 | 20250830020107.0 | ||
| 007 | t| | ||
| 008 | 110519s1965 sp r ||||1| spa d | ||
| 080 | _a27-284 | ||
| 100 | 1 |
_aGarrigou-Lagrange, Reginald ( _d1877-1964) _955764 |
|
| 245 | 1 | 4 |
_aLas fórmulas dogmáticas _b: su naturaleza y su valor / _cRéginald Garrigou-Lagrange ; [versión castellana de Joaquín Blázquez]. |
| 260 |
_aBarcelona : _bHerder, _c1965. |
||
| 300 |
_a69 p. ; _c18 cm. |
||
| 490 | 1 |
_aPequeña biblioteca Herder ; _v71 |
|
| 504 | _aBibliografía: p. 57-68. | ||
| 650 | 0 | 7 |
_aTeología dogmática _2embne _917468 |
| 700 | 1 |
_aBlázquez, Joaquín. _929440 |
|
| 830 | 0 |
_aPequeña biblioteca Herder ; _v71 _9190720 |
|
| 852 |
_aES-MaACL _jE-15165 _xOlim P-274 |
||
| 999 |
_c178142 _d178142 |
||